Основы математического анализа: учебник для вузов
| Hlavní autor: | |
|---|---|
| Jazyk: | ruština |
| Vydáno: |
Москва, Гостехиздат, 1956-
|
| Médium: | Kniha |
| KOHA link: | https://koha.lib.tpu.ru/cgi-bin/koha/opac-detail.pl?biblionumber=52881 |
MARC
| LEADER | 00000nam0a2200000 4500 | ||
|---|---|---|---|
| 001 | 52881 | ||
| 005 | 20231031043355.0 | ||
| 035 | |a (RuTPU)RU\TPU\book\55432 | ||
| 035 | |a RU\TPU\book\55428 | ||
| 090 | |a 52881 | ||
| 100 | |a 20030606d1956 m y0rusy50 ca | ||
| 101 | 0 | |a rus | |
| 102 | |a RU | ||
| 105 | |a a z 001zy | ||
| 200 | 1 | |a Основы математического анализа |e учебник для вузов |f Г. М. Фихтенгольц | |
| 210 | |a Москва |c Гостехиздат |d 1956- | ||
| 700 | 1 | |a Фихтенгольц |b Г. М. |g Григорий Михайлович | |
| 801 | 1 | |a RU |b 63413507 |c 20030606 |g PSBO | |
| 801 | 2 | |a RU |b 63413507 |c 20140404 |g PSBO | |
| 942 | |c BK | ||